[Event "It (open) \"]
[Site "masterchessopen.com – Baden (Switzerland)"]
[Round "2"]
[White "Hitzgerova Gabriela (CZE)"]
[Black "Papa Severin (SUI)"]
[Result "1-0"]
[WhiteElo "2210"]
[BlackElo "2410"]

1.e4 c5 2.Nf3 Nc6 3.d4 cxd4 4.Nxd4 Nf6 5.Nc3 d6 6.Bg5 e6 7.Qd2 a6 8.O-O-O Bd7
9.f4 Be7 10.Kb1 Qc7 11.Nxc6 Bxc6 12.Bxf6 gxf6 13.f5 b5 14.Qe3 b4 15.Ne2 e5
16.Ng3 Bb7 17.b3 a5 18.Bb5+ Bc6 19.Bxc6+ Qxc6 20.Qd3 Rc8 21.Nf1 a4 22.Ne3 Rg8
23.g3 axb3 24.cxb3 Qb7 25.Nd5 Qb8 26.Qd2 Qb5 27.Nxb4 Rg4 28.Rhe1 h5 29.Nd5 Rc4
30.Qd3 Rc5 31.Qxb5+ {#r} 1-0

[Event "It"]
[Site "masterchessopen.com – Cali (Colombia)"]
[Round "2"]
[White "Pupo Emilio (COL)"]
[Black "Minaya Juan (COL)"]
[Result "1-0"]
[WhiteElo "2365"]
[BlackElo "2295"]

1.e4 c5 2.Nf3 d6 3.d4 cxd4 4.Nxd4 Nf6 5.Nc3 Nc6 6.Bg5 e6 7.Qd2 a6 8.O-O-O Bd7
9.f4 Be7 10.Nf3 Qc7 11.e5 dxe5 12.fxe5 Nd5 13.Nxd5 exd5 14.Bxe7 Nxe7 15.Qg5
Ng6 16.Bd3 Be6 17.h4 O-O 18.h5 h6 19.Qe3 Ne7 20.g4 f6 21.Rhg1 Kh8 22.Nd4 Bg8
23.exf6 Rxf6 24.Rde1 Nc6 25.g5 hxg5 26.Rxg5 Raf8 27.Reg1 R8f7 28.Nxc6 Qxc6
29.h6 Rxh6 30.Rg6 Rf1+ 31.Rxf1 Rxg6 32.Bxg6 Qxg6 33.Rh1+ Bh7 34.Qc5 Qf5 35.Qc7
{#r} 1-0

[Event "Bayern Landesliga South"]
[Site "masterchessopen.com – Germany"]
[Round "4"]
[White "Hofmann Juergen (GER)"]
[Black "Epding Olaf (GER)"]
[Result "0-1"]
[WhiteElo "2181"]
[BlackElo "2228"]

1.e4 c5 2.Nf3 Nc6 3.d4 cxd4 4.Nxd4 Nf6 5.Nc3 d6 6.Bg5 e6 7.Qd2 a6 8.O-O-O Bd7
9.f4 Be7 10.Be2 Qc7 11.Bf3 Na5 12.Nb3 Nc4 13.Qd3 Rc8 14.Rhe1 O-O 15.e5 dxe5
16.Bxf6 Bxf6 17.Qxd7 exf4 18.Bxb7 Nxb2 19.Bxc8 Qxc3 20.Bxa6 Nxd1 21.Qxd1 Rd8
22.Qxd8+ Bxd8 23.Rd1 Bf6 24.a4 g6 25.a5 Qb2+ 26.Kd2 Bc3+ 27.Kd3 Bb4 28.Rc1
Bxa5 {#R} 0-1

[Event "Oberliga East 1998/99 (b)"]
[Site "masterchessopen.com – Germany"]
[Round "0"]
[White "Genkin Michael (GER)"]
[Black "Meissner Claudia (GER)"]
[Result "1-0"]
[WhiteElo "2282"]
[BlackElo "2142"]

1.e4 c5 2.Nc3 d6 3.Nf3 Nc6 4.d4 cxd4 5.Nxd4 Nf6 6.Bg5 e6 7.Qd2 a6 8.O-O-O Be7
9.f4 Bd7 10.Be2 Rc8 11.Rhe1 O-O 12.Bf1 Nxd4 13.Qxd4 Qc7 14.Bxf6 gxf6 15.Qf2
Qa5 16.Rd3 Rc5 17.Rh3 Rfc8 18.Qg3+ Kh8 19.Qh4 h5 20.f5 {#r} 1-0

[Event "Oberliga NRW 1997/98"]
[Site "masterchessopen.com – Germany"]
[Round "7"]
[White "Ueter Heinz-Dieter (GER)"]
[Black "Schoen Wolfram (GER)"]
[Result "0-1"]
[WhiteElo "2187"]
[BlackElo "2415"]

1.e4 c5 2.Nf3 Nc6 3.d4 cxd4 4.Nxd4 Nf6 5.Nc3 d6 6.Bg5 e6 7.Qd2 a6 8.O-O-O Bd7
9.f4 Be7 10.Nf3 b5 11.e5 b4 12.exf6 bxc3 13.Qxc3 gxf6 14.Bh4 d5 15.a3 Rc8
16.Qe3 Qc7 17.Bd3 Na5 18.Nd4 Qb6 19.Nf5 d4 20.Qg3 exf5 21.Qg7 Rf8 22.Rde1 Kd8
23.Rxe7 Kxe7 24.Re1+ Kd6 25.Bxf6 Be6 26.Kb1 Nc6 27.Be5+ Kd7 28.g4 Rg8 29.Qxh7
Nxe5 30.Rxe5 Rxg4 31.Rxe6 Qxe6 32.b3 Rxf4 {#R} 0-1

[Event "It (open)"]
[Site "masterchessopen.com – New Hampshire (USA)"]
[Round "0"]
[White "Sciacca Patrick (USA)"]
[Black "Ivanov Alexander (USA)"]
[Result "0-1"]
[WhiteElo "2173"]
[BlackElo "2523"]

1.e4 c5 2.Nf3 d6 3.d4 cxd4 4.Nxd4 Nf6 5.Nc3 Nc6 6.Bg5 e6 7.Qd2 a6 8.O-O-O Bd7
9.f4 Be7 10.Bc4 b5 11.Bxb5 axb5 12.Ndxb5 Nb4 13.e5 Nxa2+ 14.Nxa2 Bxb5 15.Qb4
Be2 16.exf6 gxf6 17.Bxf6 Bxf6 18.Rxd6 Qa5 19.Qxa5 Rxa5 20.Kb1 O-O 21.Re1 Rb8
22.c3 Bg4 23.Nb4 Bf5+ 24.Kc1 Be7 25.Rd4 Bxb4 26.cxb4 Ra4 27.g4 Bxg4 28.Kd2
Raxb4 29.Rxb4 Rxb4 30.Rg1 Rxb2+ 31.Ke3 h5 {#R} 0-1

[Event "Cup Sweden (qual)"]
[Site "masterchessopen.com – Norrkoeping (Sweden)"]
[Round "0"]
[White "Karlsson Tomas (SWE)"]
[Black "Schutz Ingemar (SWE)"]
[Result "1-0"]
[WhiteElo "2235"]
[BlackElo "2194"]

1.e4 c5 2.Nf3 d6 3.d4 cxd4 4.Nxd4 Nf6 5.Nc3 Nc6 6.Bg5 e6 7.Qd2 a6 8.O-O-O Bd7
9.f4 Be7 10.g3 Nxd4 11.Qxd4 Bc6 12.Bd3 Qc7 13.Rhe1 O-O-O 14.Bh4 e5 15.Qc4 Rhf8
16.Bxf6 Bxf6 17.f5 Kb8 18.Qb3 Qa5 19.Bc4 Bg5+ 20.Kb1 f6 21.a3 g6 22.h4 Bh6
23.g4 Bf4 24.Rd3 Ka7 25.Red1 gxf5 26.gxf5 Qc5 27.Bd5 Rd7 28.Bxc6 Qxc6 29.Nd5
Bh6 30.a4 Qc5 31.Rc3 Qa5 32.Rc4 Rg7 33.Qa3 Rd7 34.b4 Qd8 35.b5 Qa5 36.b6+ Kb8
37.Ka2 Bg7 38.Rd3 Qe1 39.Qc3 Qxc3 40.Rdxc3 Bh8 41.Rc7 Rdd8 42.Ne7 {#r} 1-0

[Event "Tournament (team)"]
[Site "masterchessopen.com – Romania"]
[Round "3"]
[White "Tuchila Vasile (ROM)"]
[Black "Bonte Arghir (ROM)"]
[Result "1-0"]
[WhiteElo "1919"]
[BlackElo "1971"]

1.e4 c5 2.Nf3 Nc6 3.d4 cxd4 4.Nxd4 Nf6 5.Nc3 d6 6.Bg5 e6 7.f4 Bd7 8.Qd2 a6
9.O-O-O Be7 10.Be2 b5 11.Bf3 Rc8 12.Kb1 Nxd4 13.Qxd4 Rc4 14.Qd3 O-O 15.e5 Nd5
16.Bxd5 exd5 17.Bxe7 Qxe7 18.Nxd5 Qh4 19.g3 Qh3 20.Ne3 Rc6 21.Rd2 Be6 22.f5
Bc4 23.Nxc4 bxc4 24.Qf3 Rc5 25.exd6 Rxf5 26.Qe2 c3 27.Rd4 Rf6 28.d7 Re6 29.Qd3
Qg2 30.Rd1 Rd8 31.Qxc3 Rc6 32.Qd3 Re6 33.Rc4 Qb7 34.b3 g6 35.h4 Kf8 36.Rd4 Ke7
37.Rd6 Qc7 38.Rxa6 Rxa6 39.Qxa6 Qxg3 40.Qe2+ Kf8 41.Qe4 Qh3 42.Qd4 Qe6 43.c4
Qf5+ 44.Kb2 g5 45.Re1 {#r} 1-0

[Event "Ch Sweden (team) 1998/99"]
[Site "masterchessopen.com – Sweden"]
[Round "5"]
[White "Furhoff Johan (SWE)"]
[Black "Schneider Lars-Ake (SWE)"]
[Result "0-1"]
[WhiteElo "2265"]
[BlackElo "2385"]

1.e4 c5 2.Nf3 Nc6 3.d4 cxd4 4.Nxd4 Nf6 5.Nc3 d6 6.Bg5 e6 7.Qd2 a6 8.O-O-O Bd7
9.f4 Be7 10.Nf3 b5 11.e5 b4 12.exf6 bxc3 13.Qxc3 gxf6 14.f5 d5 15.Bh6 Qa5
16.Qxa5 Nxa5 17.Bd2 Nc6 18.c4 dxc4 19.Bxc4 e5 20.g4 e4 21.Nh4 Ne5 22.Be2 Bb5
23.Bxb5+ axb5 24.Kb1 Nxg4 25.Rhg1 Ne5 26.Rde1 O-O-O 27.Kc2 Bc5 28.Be3 Bb4
29.Rd1 Nc4 30.Bd4 Rhg8 31.Rxg8 Rxg8 32.a3 Ba5 33.b4 Bc7 34.Bxf6 Ne3+ 35.Kd2
Nxd1 36.Kxd1 Bxh2 {#R} 0-1

[Event "Ch City (open)"]
[Site "masterchessopen.com – Cologne (Germany)"]
[Round "1"]
[White "Marcks Martin (GER)"]
[Black "Tenelsen Stefan (GER)"]
[Result "1-0"]
[WhiteElo "2257"]
[BlackElo "2071"]

1.e4 c5 2.Nf3 d6 3.d4 cxd4 4.Nxd4 Nf6 5.Nc3 a6 6.Bg5 e6 7.Qd2 Be7 8.O-O-O Nc6
9.f4 Bd7 10.g4 Nxd4 11.Qxd4 Bc6 12.Rg1 Qc7 13.Bh4 e5 14.Qe3 Rc8 15.Bd3 b5
16.Kb1 b4 17.Ne2 Bd7 18.f5 d5 19.Bxf6 gxf6 20.exd5 Ba4 21.Qe4 Rg8 22.Ng3 Qd6
23.h4 a5 24.b3 Bd7 25.Bc4 Bd8 26.Qe2 Bb6 27.Ne4 Qe7 28.Rg2 Kf8 29.Qd2 Bd4
30.Qh6+ Rg7 31.g5 {#r} 1-0

[Event "Tournament (provincial)"]
[Site "masterchessopen.com – Habana (Cuba)"]
[Round "0"]
[White "Vega Lemay (CUB)"]
[Black "Toledo Wilfredo (CUB)"]
[Result "0-1"]
[WhiteElo "2292"]
[BlackElo "2155"]

1.e4 c5 2.Nf3 d6 3.d4 cxd4 4.Nxd4 Nf6 5.Nc3 Nc6 6.Bg5 e6 7.Qd2 a6 8.O-O-O Bd7
9.f4 Be7 10.Nf3 b5 11.a3 b4 12.axb4 Nxb4 13.Bc4 Rc8 14.Bb3 Bc6 15.Rhe1 Qa5
16.Kb1 O-O 17.f5 Bxe4 18.Bxf6 Bxc2+ 19.Bxc2 Bxf6 20.Nd4 Rxc3 21.Qxc3 Qa2+
22.Kc1 Bg5+ 23.Re3 Nd5 24.Rd3 Nxc3 25.bxc3 e5 26.Nf3 Bxe3+ 27.Rxe3 Rb8 28.f6
Rb2 29.Re2 g6 30.h4 a5 31.h5 a4 32.Ne1 Rb1+ 33.Kd2 Qd5+ 34.Ke3 Ra1 35.hxg6
hxg6 36.Nd3 a3 37.Nb4 Qc5+ 38.Kd3 a2 39.Bb3 Rd1+ {#R} 0-1

[Event "It (open)"]
[Site "masterchessopen.com – Mar del Plata (Argentina)"]
[Round "3"]
[White "Villanueva Matias (ARG)"]
[Black "Hernandez Gilberto (MEX)"]
[Result "0-1"]
[WhiteElo "2035"]
[BlackElo "2568"]

1.e4 c5 2.Nf3 Nc6 3.d4 cxd4 4.Nxd4 Nf6 5.Nc3 d6 6.Bg5 e6 7.Qd2 a6 8.O-O-O Bd7
9.f4 Be7 10.Nf3 b5 11.a3 b4 12.axb4 Nxb4 13.Bc4 Qc7 14.Bb3 a5 15.e5 a4 16.Bxe6
fxe6 17.exd6 Qa7 18.Qd4 Qxd4 19.Rxd4 Nc6 20.dxe7 Nxd4 21.Nxd4 Kxe7 22.Re1 Kf7
23.Nf3 a3 24.bxa3 Rxa3 25.Kb2 Ra6 26.Ne5+ Ke7 27.Ne4 Rb8+ 28.Kc1 Ra1+ 29.Kd2
Rxe1 30.Kxe1 Ba4 31.c4 Rb2 32.g3 h6 33.Bxf6+ gxf6 34.Nf3 Bc6 35.Ned2 Bxf3
36.Nxf3 Rg2 37.Kf1 Rc2 38.Ke1 Rxc4 39.Kd2 Kd6 40.Kd3 Kd5 {#R} 0-1

[Event "Ch Romania (team)"]
[Site "masterchessopen.com – Romania"]
[Round "3"]
[White "Moshina Cristina (MDA)"]
[Black "Kovalevskaya Ekaterina (RUS)"]
[Result "0-1"]
[WhiteElo "2192"]
[BlackElo "2497"]

1.e4 c5 2.Nf3 Nc6 3.d4 cxd4 4.Nxd4 Nf6 5.Nc3 d6 6.Bg5 a6 7.Qd2 e6 8.O-O-O Be7
9.f4 Bd7 10.Nb3 b5 11.Bxf6 gxf6 12.Bd3 b4 13.Ne2 Qb6 14.Bc4 Rc8 15.Qd3 Nb8
16.Ned4 a5 17.Nd2 a4 18.Bb5 a3 19.Nc4 axb2+ 20.Kxb2 Qc7 21.Ne3 O-O 22.f5 Bxb5
23.Nxb5 Qa5 24.fxe6 fxe6 25.Rhe1 Nd7 26.Nxd6 Nc5 27.Qd4 Qa3+ 28.Ka1 Bxd6
29.Qxd6 Ra8 30.Kb1 Qxa2+ 31.Kc1 Qa3+ {#R} 0-1

[Event "It (open) (w)"]
[Site "masterchessopen.com – Warsaw (Poland)"]
[Round "0"]
[White "Grabarska Barbara (POL)"]
[Black "Kowalska Elzbieta (POL)"]
[Result "1-0"]
[WhiteElo "2293"]
[BlackElo "2080"]

1.e4 c5 2.Nf3 Nc6 3.d4 cxd4 4.Nxd4 Nf6 5.Nc3 d6 6.Bg5 e6 7.Qd2 a6 8.O-O-O Bd7
9.f4 Be7 10.Nf3 Qc7 11.e5 dxe5 12.fxe5 Ng8 13.Ne4 f6 14.Bf4 f5 15.Nd6+ Bxd6
16.exd6 Qa5 17.Bc4 Qxd2+ 18.Rxd2 h6 19.Re1 Kf7 20.Ne5+ Nxe5 21.Rxe5 g6 22.Rc5
Nf6 23.Rc7 b5 24.Bb3 g5 25.Be5 Rhd8 26.c4 bxc4 27.Ba4 Ng4 28.Bxd7 Nxe5 29.Bc6+
Kf6 30.Bxa8 Rxa8 31.Kc2 h5 32.d7 Rd8 33.Kc3 f4 34.Ra7 Kf5 35.Rxa6 Rxd7 36.Rxd7
Nxd7 37.Rd6 Nf6 38.Kxc4 Ng4 39.a4 Ne3+ 40.Kd3 Nxg2 41.a5 f3 42.a6 e5 43.a7 e4+
44.Kd4 {#r} 1-0

[Event "It (open) \"]
[Site "masterchessopen.com – Amsterdam (Netherlands)"]
[Round "1"]
[White "Solleveld Maarten (NED)"]
[Black "Burlage Peter (NED)"]
[Result "1-0"]
[WhiteElo "2426"]
[BlackElo "2239"]

1.e4 c5 2.Nf3 Nc6 3.d4 cxd4 4.Nxd4 Nf6 5.Nc3 d6 6.Bg5 e6 7.Qd2 a6 8.O-O-O Bd7
9.f4 Be7 10.Nf3 b5 11.e5 b4 12.exf6 bxc3 13.Qxc3 gxf6 14.Bh4 d5 15.Kb1 Na5
16.Nd4 Rc8 17.Qd2 Qc7 18.Bd3 Nc4 19.Bxc4 Qxc4 20.Rhe1 Rg8 21.g3 Bb4 22.c3 Be7
23.Re3 Rc7 24.Rde1 Bc8 25.Qc2 Rg6 26.f5 Rg4 27.fxe6 Rxd4 28.Qxh7 Bxe6 29.cxd4
Qxd4 30.Rxe6 fxe6 31.Qg8+ Bf8 32.Qg6+ Rf7 33.Bxf6 Qb6 34.Bg5 {#r} 1-0

[Event "Staatsliga B South 2000/01"]
[Site "masterchessopen.com – Austria"]
[Round "5"]
[White "Scheck Rudolf (AUT)"]
[Black "Mitter Gerd (AUT)"]
[Result "0-1"]
[WhiteElo "2204"]
[BlackElo "2153"]

1.e4 c5 2.Nf3 Nc6 3.d4 cxd4 4.Nxd4 Nf6 5.Nc3 d6 6.Bg5 e6 7.Qd2 a6 8.O-O-O Bd7
9.f4 Be7 10.Nf3 b5 11.e5 b4 12.exf6 bxc3 13.Qxc3 gxf6 14.f5 e5 15.Be3 d5
16.Bc5 Bxf5 17.Bc4 d4 18.Qa3 Bxc5 19.Qxc5 Ne7 20.Bb3 O-O 21.g4 Rc8 22.Qb4 Be4
23.Rhf1 Nd5 24.Qe1 Ne3 25.Rf2 Nxd1 26.Kxd1 Bg6 27.h4 e4 28.h5 e3 29.hxg6 exf2
30.gxf7+ Rxf7 31.Qxf2 Kg7 32.Ng5 Re7 33.Ne6+ Rxe6 34.Bxe6 Rc5 35.Bf5 Re5
36.Qh4 h6 37.Qh1 Qe7 38.Qf3 Re1+ 39.Kd2 Ra1 40.Be4 Qb4+ 41.Kd3 Re1 {#R} 0-1

[Event "It (open)"]
[Site "masterchessopen.com – Bratto (Italy)"]
[Round "6"]
[White "Di Fonzo Valerio (ITA)"]
[Black "Ricci Alfredo (ITA)"]
[Result "1-0"]
[WhiteElo "2217"]
[BlackElo "2093"]

1.e4 c5 2.Nf3 Nc6 3.d4 cxd4 4.Nxd4 Nf6 5.Nc3 d6 6.Bg5 e6 7.Qd2 Be7 8.O-O-O a6
9.f4 Bd7 10.Nf3 Qc7 11.e5 dxe5 12.fxe5 Ng4 13.Bxe7 Nxe7 14.h3 Nh6 15.Ne4 O-O-O
16.Nd6+ Kb8 17.g4 Bc6 18.Bg2 Bd5 19.Nd4 Ng6 20.Bxd5 exd5 21.g5 Nxe5 22.gxh6
Qxd6 23.hxg7 Rhg8 24.Nf5 Qf6 25.Rhf1 Nc4 26.Qd4 Qg5+ 27.Qf4+ Qxf4+ 28.Rxf4 Ne5
29.Rh4 Nf3 30.Rxh7 Ng5 31.Rh5 Ne6 32.Rh7 f6 33.Rg1 Ng5 34.Rh6 Nf3 35.Rg3 Ng5
36.Rg6 Rde8 37.b3 Ne4 38.Rg2 Nc3 39.Nh6 {#r} 1-0

[Event "Ch France (team) (juniors) 1999/00"]
[Site "masterchessopen.com – France"]
[Round "10"]
[White "Touboulic Julien (FRA)"]
[Black "Kessler Martin (FRA)"]
[Result "1-0"]
[WhiteElo "2041"]
[BlackElo "2069"]

1.e4 c5 2.Nf3 d6 3.d4 cxd4 4.Nxd4 Nf6 5.Nc3 Nc6 6.Bg5 a6 7.Qd2 e6 8.O-O-O Be7
9.f4 Bd7 10.Kb1 O-O 11.Nf3 Qa5 12.Bd3 Rfc8 13.Rhe1 Nb4 14.a3 Nxd3 15.Qxd3 Rc7
16.e5 dxe5 17.fxe5 Bxa3 18.exf6 Bxb2 19.Kxb2 Qb4+ 20.Kc1 Rac8 21.Re4 Qa3+
22.Kd2 Be8 23.Ne2 Bc6 {#r} 1-0

[Event "It (open)"]
[Site "masterchessopen.com – Lahti (Finland)"]
[Round "2"]
[White "Jantti Petri (FIN)"]
[Black "Seppala Tero (FIN)"]
[Result "1-0"]
[WhiteElo "2105"]
[BlackElo "1810"]

1.e4 c5 2.Nf3 Nc6 3.d4 cxd4 4.Nxd4 Nf6 5.Nc3 d6 6.Bg5 e6 7.Qd2 a6 8.O-O-O Be7
9.f4 Bd7 10.Nf3 Qc7 11.e5 dxe5 12.fxe5 Ng4 13.Bf4 Rd8 14.Qe2 f6 15.Qc4 b5
16.exf6 Qb6 17.fxg7 Rg8 18.Qe2 Rxg7 19.h3 Nf6 20.g4 Nb4 21.Bg2 Nfd5 22.Nxd5
exd5 23.a3 Nc6 24.Rxd5 b4 25.a4 b3 26.c3 Rf7 27.Bg5 Rc8 28.Re1 Kf8 29.Bh6+ Ke8
30.Ne5 Rf2 31.Qe4 Nxe5 32.Rxe5 Qxh6+ 33.g5 Qd6 34.Rxe7+ Kf8 35.Qe3 Rxg2
36.Qf3+ Kg8 37.Qf7+ {#r} 1-0

[Event "Ch Great Britain"]
[Site "masterchessopen.com – Millfield (England)"]
[Round "7"]
[White "Mahesh Chandran P (IND)"]
[Black "D'Costa Lorin (ENG)"]
[Result "1-0"]
[WhiteElo "2238"]
[BlackElo "2157"]

1.e4 c5 2.Nf3 Nc6 3.d4 cxd4 4.Nxd4 Nf6 5.Nc3 d6 6.Bg5 e6 7.Qd2 a6 8.O-O-O Bd7
9.f4 Be7 10.Be2 Qc7 11.Kb1 Nxd4 12.Qxd4 Bc6 13.f5 e5 14.Qe3 Nxe4 15.Nxe4 Bxe4
16.Qxe4 Bxg5 17.Bc4 O-O-O 18.Bd5 Kb8 19.Rd3 Ka7 20.Rc3 Qd7 21.Rb3 Rb8 22.h4
Bh6 23.Rd1 g6 24.Qb4 b5 25.Qe1 Rb6 26.a4 Rc8 27.a5 Rbc6 28.Bxc6 Qxc6 29.Rc3
Qb7 30.fxg6 fxg6 31.Rxd6 Rxc3 32.Qxc3 {#r} 1-0

[Event "It (open)"]
[Site "masterchessopen.com – Baunatal (Germany)"]
[Round "5"]
[White "Helmke Carsten (GER)"]
[Black "Baladjaev Emin (GER)"]
[Result "1-0"]
[WhiteElo "2015"]
[BlackElo "2061"]

1.e4 c5 2.Nf3 Nc6 3.d4 cxd4 4.Nxd4 d6 5.Nc3 Nf6 6.Bg5 e6 7.Qd2 Be7 8.O-O-O a6
9.f4 Bd7 10.Nf3 Nb8 11.e5 dxe5 12.fxe5 Ng8 13.Ne4 Bxg5 14.Nd6+ Kf8 15.Nxg5 Nh6
16.Nxb7 Qe7 17.Bc4 Nc6 18.Nxf7 Nxf7 19.Qxd7 Qxd7 20.Rxd7 Ncxe5 21.Rc7 Nxc4
22.Rxc4 Ke8 23.Rc7 Rf8 24.Re1 e5 25.Rd1 {#r} 1-0

[Event "Ch Germany (seniors)"]
[Site "masterchessopen.com – Dresden (Germany)"]
[Round "3"]
[White "Rettler Heinz (GER)"]
[Black "Weigel Herbert (GER)"]
[Result "1-0"]
[WhiteElo "2143"]
[BlackElo "2159"]

1.e4 c5 2.Nf3 d6 3.d4 cxd4 4.Nxd4 Nf6 5.Nc3 Nc6 6.Bg5 e6 7.Qd2 Be7 8.O-O-O a6
9.f4 Bd7 10.Be2 b5 11.Bf3 Rc8 12.Kb1 Qc7 13.Nxc6 Bxc6 14.Rhe1 O-O 15.Bxf6 gxf6
16.Ne2 Rfd8 17.Nd4 Bb7 18.Re2 d5 19.e5 fxe5 20.fxe5 Bf8 21.Qg5+ Bg7 22.Bh5 h6
23.Qe3 Qe7 24.Rf1 Rf8 25.Ref2 f5 26.exf6 Rxf6 27.Rxf6 Bxf6 28.Qxe6+ Qxe6
29.Nxe6 Bg5 30.Nxg5 hxg5 31.Bf3 Kg7 32.Rd1 Rf8 33.b3 Rf5 34.h3 b4 35.Kb2 Kf6
36.a3 bxa3+ 37.Kxa3 Ke5 38.c3 Kd6 39.c4 Kc5 40.Bxd5 Bxd5 41.Rxd5+ Rxd5 42.cxd5
Kxd5 43.g3 Ke4 44.h4 g4 45.Ka4 {#r} 1-0

[Event "Memorial V.Syre (open)"]
[Site "masterchessopen.com – Issy Les Moulineaux (France)"]
[Round "3"]
[White "Guez Fabien (FRA)"]
[Black "Guedon Stephane (FRA)"]
[Result "0-1"]
[WhiteElo "2110"]
[BlackElo "2245"]

1.e4 c5 2.Nf3 Nc6 3.d4 cxd4 4.Nxd4 Nf6 5.Nc3 d6 6.Bg5 e6 7.Qd2 a6 8.O-O-O Bd7
9.f4 Be7 10.Kb1 b5 11.Qe1 b4 12.Nxc6 Bxc6 13.e5 bxc3 14.Qxc3 Be4 15.exf6 gxf6
16.Qd4 d5 17.Bh6 Rg8 18.Bd3 Bxd3 19.Qxd3 f5 20.g4 Rxg4 21.Qc3 Rc8 22.Qh8+ Kd7
23.Qe5 Qc7 24.Qxc7+ Rxc7 25.Rdg1 Rg6 26.Rxg6 hxg6 27.h4 Rc4 28.h5 Bd6 29.hxg6
fxg6 30.b3 Re4 31.Rg1 Bxf4 32.Rxg6 Be5 33.Rg1 Bc3 34.Bg7 d4 35.a3 Rg4 36.Rxg4
fxg4 37.Be5 Kc6 38.Kc1 Kd5 39.Bg3 Ke4 40.Kd1 Kf3 41.Be5 g3 42.b4 g2 43.Bh2 e5
44.Bg1 e4 {#R} 0-1

[Event "Staatsliga B South 2001/02"]
[Site "masterchessopen.com – Austria"]
[Round "8"]
[White "Gallob Marko (AUT)"]
[Black "Mitter Gerd (AUT)"]
[Result "0-1"]
[WhiteElo "1952"]
[BlackElo "2187"]

1.e4 c5 2.Nf3 Nc6 3.d4 cxd4 4.Nxd4 Nf6 5.Nc3 d6 6.Bg5 e6 7.Qd2 a6 8.f4 Be7
9.O-O-O Bd7 10.Be2 b5 11.Bf3 Rc8 12.Kb1 Na5 13.Qe1 Qc7 14.Rc1 Nc4 15.f5 h6
16.fxe6 fxe6 17.Qh4 O-O 18.Bxh6 gxh6 19.Qxh6 Rf7 20.Bh5 Rh7 21.Qg6+ Rg7 22.Qh6
Qc5 23.g4 Qxd4 24.Rhg1 b4 25.Ne2 {#R} 0-1

[Event "Tournament \"]
[Site "masterchessopen.com – Calcutta (India)"]
[Round "4"]
[White "Debayan Majumdar (IND)"]
[Black "Manish Sharma (IND)"]
[Result "1-0"]
[WhiteElo "2144"]
[BlackElo "1901"]

1.e4 c5 2.Nf3 d6 3.d4 cxd4 4.Nxd4 Nf6 5.Nc3 Nc6 6.Bg5 e6 7.Qd2 Be7 8.f4 Bd7
9.O-O-O a6 10.Be2 Qc7 11.g4 b5 12.Nxc6 Bxc6 13.Bxf6 gxf6 14.Bf3 Rc8 15.f5 b4
16.Ne2 e5 17.Kb1 Bb5 18.Ng3 a5 19.h4 h6 20.Rh2 Qc5 21.Nh5 a4 22.g5 fxg5 23.f6
Bf8 24.hxg5 Bd7 25.Ng7+ Kd8 26.Rxh6 Rg8 27.Bh5 Bxg7 28.fxg7 Be6 29.Bxf7 Bxf7
30.Rxd6+ Kc7 31.Rd7+ Kb8 32.Rxf7 b3 33.axb3 axb3 34.cxb3 Qb5 35.Qd6+ {#r} 1-0

[Event "It (open)"]
[Site "masterchessopen.com – Davos (Switzerland)"]
[Round "6"]
[White "Roschina Tatiana (RUS)"]
[Black "Lommers Frank (NED)"]
[Result "0-1"]
[WhiteElo "2286"]
[BlackElo "2212"]

1.e4 c5 2.Nf3 d6 3.d4 cxd4 4.Nxd4 Nf6 5.Nc3 Nc6 6.Bg5 e6 7.Qd2 a6 8.O-O-O Bd7
9.f4 Be7 10.Nf3 b5 11.e5 b4 12.exf6 bxc3 13.Qxc3 gxf6 14.f5 e5 15.Bh6 Rc8
16.Bxa6 Nd4 17.Qb4 Rxc2+ 18.Kb1 d5 19.Qxd4 exd4 20.Kxc2 Bxf5+ 21.Bd3 Qc8+
22.Kb1 Rg8 23.Nxd4 Bxd3+ 24.Rxd3 Rg4 25.Rc1 Qa6 26.Rdd1 Rxg2 27.Bf4 Qb7 28.b3
Qa6 29.a4 f5 30.Nb5 Kf8 31.Rxd5 Qe6 32.Nc3 Bb4 33.Be5 Bxc3 34.Rb5 {#R} 0-1

[Event "Ch Pan-American (juniors) (under 20)"]
[Site "masterchessopen.com – La Paz (Bolivia)"]
[Round "9"]
[White "Vasquez Michael (CHI)"]
[Black "Cabrera Alexis (ESP)"]
[Result "1-0"]
[WhiteElo "1653"]
[BlackElo "2478"]

1.e4 c5 2.Nf3 Nc6 3.d4 cxd4 4.Nxd4 Nf6 5.Nc3 d6 6.Bg5 e6 7.Qd2 a6 8.O-O-O Bd7
9.f4 Be7 10.Be2 O-O 11.Bf3 Ne8 12.Bxe7 Qxe7 13.Rhe1 Rd8 14.g4 Nxd4 15.Qxd4 Bc6
16.g5 b5 17.Nd5 Qb7 18.Nb4 a5 19.Nxc6 Qxc6 20.Bg4 b4 21.f5 Nc7 22.f6 Rfe8
23.Qf2 Qa4 24.Kb1 Nb5 25.Rd3 Rb8 26.Rb3 Rec8 27.Rf1 Rc7 28.g6 hxg6 29.Bxe6
Nc3+ 30.bxc3 fxe6 31.f7+ Kf8 32.Qh4 Rcc8 33.Qh8+ Ke7 34.f8=Q+ {#r} 1-0

[Event "It (open)"]
[Site "masterchessopen.com – Ljubljana (Slovenia)"]
[Round "9"]
[White "Licina Anita (SLO)"]
[Black "Gruskovnjak Tomislav (SLO)"]
[Result "0-1"]
[WhiteElo "2128"]
[BlackElo "2317"]

1.e4 c5 2.Nf3 d6 3.d4 cxd4 4.Nxd4 Nf6 5.Nc3 a6 6.Bg5 Nc6 7.Qd2 e6 8.O-O-O Be7
9.f4 Bd7 10.Kb1 b5 11.Bxf6 gxf6 12.Nxc6 Bxc6 13.Bd3 b4 14.Ne2 Qb6 15.Ng3 h5
16.Rhe1 h4 17.Nf1 a5 18.f5 Qc5 19.Qe2 a4 20.Qd2 a3 21.c3 bxc3 22.Qxc3 Rb8
23.Qxc5 Rxb2+ 24.Ka1 dxc5 25.Ne3 h3 26.gxh3 Rxh3 27.Nc4 Rf2 28.Nxa3 Kf8 29.Nb5
Rxd3 30.Rxd3 Bxb5 31.Rb3 Bf1 32.Rbb1 Bd6 33.Rbd1 Be5+ 34.Kb1 Bc4 35.a3 Ba2+
{#R} 0-1

[Event "Ch Croatia (team)"]
[Site "masterchessopen.com – Medulin (Croatia)"]
[Round "6"]
[White "Jukic Branimir (CRO)"]
[Black "Jankovic Alojzije (CRO)"]
[Result "0-1"]
[WhiteElo "2380"]
[BlackElo "2348"]

1.e4 c5 2.Nf3 Nc6 3.d4 cxd4 4.Nxd4 Nf6 5.Nc3 d6 6.Bg5 e6 7.Qd2 a6 8.O-O-O Bd7
9.f4 Be7 10.f5 Nxd4 11.Qxd4 Rc8 12.fxe6 Bxe6 13.Bf4 O-O 14.Nd5 Bxd5 15.exd5
Rc5 16.Bc4 Qc8 17.Bb3 Nxd5 18.Bxd5 Rxc2+ 19.Kb1 Bf6 20.Qb4 Qf5 21.Be4 Rxb2+
22.Qxb2 Qxe4+ 23.Qc2 Qxf4 24.Rhf1 Qe5 25.Qb3 Qa1+ 26.Kc2 Rc8+ 27.Kd2 Qd4+
28.Ke2 Qe4+ {#R} 0-1

[Event "It (open) \"]
[Site "masterchessopen.com – St. Petersburg (Russia)"]
[Round "2"]
[White "Kotov Viktor (RUS)"]
[Black "Lukin Andrei M (RUS)"]
[Result "0-1"]
[WhiteElo "2296"]
[BlackElo "2424"]

1.e4 c5 2.Nf3 Nc6 3.d4 cxd4 4.Nxd4 Nf6 5.Nc3 d6 6.Bg5 e6 7.Qd2 a6 8.O-O-O Bd7
9.f4 Be7 10.Nf3 b5 11.Bd3 Qc7 12.Rhe1 b4 13.Nd5 exd5 14.exd5 Nxd5 15.Be4 Nf6
16.Bxf6 gxf6 17.Nd4 Kf8 18.Bxc6 Bxc6 19.Nf5 Re8 20.Qxb4 Bd7 21.Ne3 d5 22.Qb3
Qxf4 23.Qxd5 Be6 24.Qa5 Rg8 25.g3 Qb4 26.Qxa6 Rb8 27.b3 Rg5 {#R} 0-1

[Event "Ch Israel"]
[Site "masterchessopen.com – Tel Aviv (Israel)"]
[Round "7"]
[White "Tseitlin Mark D (ISR)"]
[Black "Greenfeld Alon (ISR)"]
[Result "0-1"]
[WhiteElo "2486"]
[BlackElo "2549"]

1.e4 c5 2.Nf3 d6 3.d4 cxd4 4.Nxd4 Nf6 5.Nc3 Nc6 6.Bg5 e6 7.Qd2 a6 8.O-O-O Bd7
9.f4 Be7 10.Nf3 b5 11.e5 b4 12.exf6 bxc3 13.Qxc3 gxf6 14.Bh4 d5 15.Kb1 Rc8
16.Bxa6 Rc7 17.Bb5 Nb4 18.Bxd7+ Qxd7 19.Qb3 Nxc2 20.Rc1 Na3+ 21.Ka1 Nc4 22.Qc3
Ra7 23.b3 O-O 24.Bf2 Ra6 25.Rhe1 Rfa8 26.Re2 Nd6 27.Bd4 Nb5 28.Qd3 Nxd4
29.Qxd4 Qb5 30.Qd1 Ra3 31.Nd4 Qa6 32.Rcc2 f5 33.Nc6 Bf6+ 34.Ne5 Rxb3 35.Rb2
Rc3 36.Rec2 Qa4 37.Qd2 Rc4 38.Rxc4 dxc4 39.Qc3 Rd8 40.Rb1 Rd3 41.Qb2 Rd5
42.Qc3 Rd3 43.Qb2 Kg7 44.Rc1 c3 45.Qb7 Bxe5 46.fxe5 Rd1 {#R} 0-1